[Event "ROM-ch U12 Boys"]
[Site "Voineasa"]
[Date "2008.04.12"]
[Round "2"]
[White "Olteanu, Andrei Rares"]
[Black "Tiganoiu, Ciprian Nicolae"]
[Result "0-1"]
[WhiteElo "401"]
[BlackElo "419"]
[PlyCount "42"]
[EventDate "2008.04.08"]
[EventType "swiss"]
[EventRounds "9"]
[EventCountry "ROU"]
[SourceTitle "EXT 2013"]
[Source "ChessBase"]
[SourceDate "2012.11.22"]
[SourceVersion "1"]
[SourceVersionDate "2012.11.22"]
[SourceQuality "1"]

1. e4 c5 2. Nc3 e6 3. Nf3 d6 4. Bb5+ Bd7 5. Bxd7+ Nxd7 6. d4 cxd4 7. Nxd4 Ngf6 8. f3 Be7 9. Bf4 Qc7 10. Qd3 e5 11. Nd5 Nxd5 12. exd5 exf4 13. 0-0-0 0-0 14. Rd2 Rfe8 15. h4 a6 16. h5 h6 17. g4 Bf6 18. Nf5 Nc5 19. Qc4 Qb6 20. Qxf4 Qxb2+ 21. Kd1 Qa1# 0-1